Normal view MARC view
  • Einstein, Albert,

Entry Nombre Personal

Number of records used in: 1

001 - NUMERO DE CONTROL

  • campo de control: 50361

003 - IDENTIFICADOR DE NUMERO DE CONTROL

  • campo de control: MX-MxUPN

005 - FECHA Y HORA DE LA ÜLTIMA TRANSACCIÓN

  • campo de control: 20231019131101.0

008 - DATOS DE LONGITUD FIJA

  • campo de control de longitud fija: 231019|| acn||aabn | a|a d

040 ## - FUENTE DE CATALOGACIÓN

  • Agencia original de catalogación: MX-MxUPN
  • Lenguaje de catalogación: spa
  • Agencia de transcripción: MX-MxUPN

100 1# - ENCABEZAMIENTO - NOMBRE PERSONAL

  • Nombre personal: Einstein, Albert,
  • Fechas asociadas con el nombre: 1879-1955
  • Subdivisión de forma: Novela

670 ## - FUENTE EN LA QUE SE LOCALIZARON DATOS

  • Cita de la fuente: Autoridades BGTQ, 19 octubre 2023:
  • Información localizada: (Einstein, Albert, 1879-1955) subdivisión de forma (Novela)

902 ## - CATALOGADOR

  • Catalogador: Víctor Ruiz/191023